00710nam a2200169 a 450000100100000000500170001000800410002704000250006808200150009310000350010824500840014326000740022730000310030104900090033295201820034199900170052300003282820200930065846.0110726s1959 dr c 000 | spa d aDO-SdBNPbspacBNPHU axxxbH565t1 aHerrera Bornia, Orestes91444210aTrujillo :bfrente a la doctrina antisocial del comunismo /cO. Herrera Bornia. aCiudad Trujillo, República Dominicana :bEditora del Caribe,c1959. a187 p. :bretrs. ;c24 cm. aBNPD 001050718RVaPDbPDcCTd2011-07-26iLF1l0oxxx H565tp32828-10r2020-06-25w2020-06-25y1zPerteneció a la biblioteca personal de Martínez Boog. Dedicado.ZNo se presta c32319d32319